| 000 | 00916cab a2200217 4500 | ||
|---|---|---|---|
| 001 | ABS68679 | ||
| 008 | 050107n2004 000 0 eng u | ||
| 035 | _a(Sirsi) u128464 | ||
| 100 | _aSharp, R. | ||
| 245 | _aSpecial report: business improvement districts | ||
| 260 | _c2004 | ||
| 490 |
_aProperty Week _v69(50) 10 December 2004, 53-62(8) |
||
| 520 | _aExamines the introduction of Business Improvement Districts (BIDs), in particular the pilot schemes known as the Circle Initiative and the issues that the local business occupiers need to consider before voting to make the BIDs permanent. Includes responses from different types of occupiers and reports on the pilot schemes in Kingston upon Thames and Liverpool. | ||
| 590 | _aABS | ||
| 650 | _aBUSINESS IMPROVEMENT DISTRICTS | ||
| 650 | _aLOCAL BUSINESSES | ||
| 650 | _aRETAIL SECTOR | ||
| 650 | _aLONDON | ||
| 690 | _aREGENERATION | ||
| 942 | _n0 | ||
| 999 |
_c74705 _d74705 |
||